000 00500nam a2200181Ia 4500
001 14663
005 20260306164930.0
008 260306t2020||||xx |||||||||||||| ||spa||
041 _aESP
082 _a515.43
_bT52D
100 _aTicona Méndez, Ronald Bladimiro
_eAUT
245 0 _aIntegrales definidas y aplicaciones con Wolfram Mathematica:
_bejercicios resueltos
260 _c2020
300 _aviii, 527 páginas :
_c25 cm.
650 _aGEN
654 _aCMA
942 _cLIB
_dJUS
_fJUS
_2ddc
_n
999 _c14663
_d14663